000 00989nam a2200277Ia 4500
003 OSt
005 20220925224005.0
006 a|||||r|||| 00| 0
007 ta
008 220923b |||||||| |||| 00| 0 eng d
020 _a9781138884748
_c3191.44
037 _bBBS/133, 09/02/2018, Better Book Service
_cGeneral Book
040 _aRTL
_cRTL
_beng
041 _2eng
_aeng
082 _aU:(G:55), Q6
100 _aYOUNG Michael D
_9290677
245 0 _aTransformational change in environmental and natural resource management
_b Guidelines for policy excellence
260 _aLondon
_bRoutledge
_c2016
300 _axiv,234p
_ccm.
490 _aRoutledge Studies in Hazards, Disaster Risk And Climate Change
500 _aBibliography: Chapterwise
650 _aGeography
700 _a ESAU Christine
_9290678
942 _hU:(G:55), Q6
_cGB
_2CC
999 _c580778
_d580778